000 00621nam a22001817a 4500
999 _c177695
_d177695
005 20210225155059.0
010 _aENG-129069
020 _c499.00
_a978-1-4736-7611-4
035 _aEN-112601
037 _bDBAD/PUB
082 _a170
100 _aThompson, Mel
245 _aEthics for Life: making sense of the morals of everyday living/
_bMel Thompson
260 _aGurugram
_bHachette Book Publishing India Pvt. Ltd.
_c2018
270 _bGurugram
_a4th/5th Floors, Corporate Centre, Plot No- 94, Sec- 44
_e122003
300 _aix+261p.
_c23cm(pbk)
_bIncluding index.
942 _2ddc
_cEN
_h170
_mTHO